[Event "Olimpiade 2014 - Open"]
[Site "Tromsø"]
[Date "14.08.2014"]
[Round "11.67"]
[Board "1"]
[White "Gateri, Martin"]
[Black "Hj, Azahari Siti Nur Fatimah"]
[Result "1-0"]
[WhiteTitle "FM"]
[WhiteElo "2064"]
[BlackElo "1985"]
[WhiteTeam "Kenya"]
[BlackTeam "Brunei"]
[WhiteFideId "10800174"]
[BlackFideId "10500359"]
[EventDate "2014.08.02"]

1. Nf3 Nf6 2. d4 g6 3. Nc3 d5 4. Bf4 Bg7 5. h3 a6 6. e3 Nbd7 7. Be2 O-O 8. g4 e6
9. Qd2 b5 10. a3 Re8 11. Ne5 Bb7 12. g5 Ne4 13. Nxe4 dxe4 14. Ng4 e5 15. dxe5
Nxe5 16. O-O-O Qe7 17. Nf6+ Bxf6 18. gxf6 Qxf6 19. Qc3 Qe7 20. Rd2 Nf3 21. Bxf3
exf3 22. h4 Qe6 23. Kb1 Rad8 24. Rxd8 Rxd8 25. Qxc7 Qd7 26. Qe5 Qe6 27. Qc3 Rc8
28. Qd2 Be4 29. Rc1 Qc4 30. Be5 h5 31. Bc3 Qd5 32. Qe1 Rd8 33. Bd4 Rc8 34. Qb4
Qc4 35. Qxc4 Rxc4 36. b3 Rc6 37. Kb2 f5 38. c4 bxc4 39. bxc4 Kf7 40. Kc3 Ke6 41.
Kb4 Bd3 42. a4 Rc8 43. Bc5 Rc6 44. Rd1 Be2 45. Rd8 Kf7 46. Rd6 Rxd6 47. Bxd6 Ke6
48. Bf4 Bd3 49. a5 Kd7 50. Kc5 Be2 51. Kd5 Bd3 52. c5 Be4+ 53. Ke5 Kc6 54. Kf6
Kxc5 55. Kxg6 Kd5 56. Kxh5 Ke6 57. Kg6 Ke7 58. Kg7 Bd5 59. h5 Bf7 60. h6 1-0

[Event "Olimpiade 2014 - Open"]
[Site "Tromsø"]
[Date "14.08.2014"]
[Round "11.67"]
[Board "2"]
[White "Izzuddin, Zain"]
[Black "Magana, Ben"]
[Result "1/2-1/2"]
[BlackTitle "CM"]
[WhiteElo "1933"]
[BlackElo "2085"]
[WhiteTeam "Brunei"]
[BlackTeam "Kenya"]
[WhiteFideId "10500677"]
[BlackFideId "10800166"]
[EventDate "2014.08.02"]

1. d4 d5 2. Nf3 Nf6 3. c4 c6 4. cxd5 cxd5 5. Nc3 Nc6 6. Bf4 e6 7. e3 Be7 8. Bb5
O-O 9. O-O Nh5 10. Bg3 Nxg3 11. hxg3 Bd7 12. Bxc6 Bxc6 13. Ne5 Be8 14. Qb3 Qb6
15. Rac1 f6 16. Qxb6 axb6 17. Nd3 Bd7 18. Rc2 Rfc8 19. Rfc1 Kf7 20. Kf1 Rc4 21.
Ke2 Bd6 22. a3 Rac8 23. Kd2 h6 24. b4 Ra8 25. Nb1 b5 26. Nb2 Rc6 27. Rxc6 bxc6
28. Nd3 e5 29. Rc3 Ke7 30. Kc2 Be8 31. Kb2 Bg6 32. Nd2 exd4 33. exd4 Kd7 34. Nf4
Bf7 35. Nb3 g5 36. Nd3 Bg6 37. Ndc5+ Bxc5 38. Nxc5+ Kd6 39. Nb7+ Kd7 40. Nc5+
Kd6 41. Nb7+ Kd7 42. Nc5+ Kc7 43. Re3 Re8 44. Rxe8 Bxe8 45. Kc3 Bg6 46. Kd2 Kd6
47. Ke3 Bc2 48. Nb7+ Kd7 49. Nc5+ Kd6 50. Nb7+ Kd7 51. Nc5+ Ke7 52. Nb7 Bf5 53.
Na5 Kd7 54. Nb7 Kc7 55. Nc5 Bc8 56. Kf3 Kd6 57. Ke3 Ke7 58. Nb3 Kf7 59. Nc5 Kg6
60. Nd3 Bf5 61. Nc5 Bc8 62. Nd3 Kf5 63. Nc5 Kg4 64. Nd3 h5 65. Ke2 Bf5 66. Nc5
Bc8 67. Nd3 Bd7 68. Nc5 Bf5 69. Na6 Bd7 70. Nc5 Bf5 71. Na6 Bg6 72. Nc5 Bf5 73.
Na6 Bd7 74. Nc5 Bf5 75. Na6 Be4 76. Kf1 Bg6 77. Nc5 Bf5 78. Ke2 Bc8 79. Nd3 Bd7
80. Ke3 Bf5 81. Nc5 Bg6 82. Nd7 Kf5 83. Kf3 Be8 84. Nc5 Bg6 85. Ke3 Bf7 86. Kf3
Be8 87. Ke3 Kg4 88. Nd3 Bd7 89. Nc5 Bf5 90. Ke2 Bc8 91. Nd3 h4 92. gxh4 gxh4 93.
Ke3 Be6 94. Ke2 Bf7 95. Nc5 Be8 96. Ke3 Bg6 97. Nd7 Kg5 98. f3 Be8 99. Nc5 Bg6
100. Ne6+ Kf5 101. Nf4 Bf7 102. Nd3 Be6 103. Nc5 Bc8 104. Nd3 Kg5 105. Nc5 Bf5
106. a4 bxa4 107. Nxa4 Bc2 108. Nc3 Bb3 109. b5 cxb5 110. Nxb5 f5 111. Nc7 f4+
112. Kf2 Kf6 113. Nb5 Ke6 114. Kg1 Bc2 115. Kh2 Bf5 116. Nc3 Bd3 117. Kh3 Bf1
118. Kxh4 Bxg2 119. Kg4 Bf1 120. Kxf4 Bd3 121. Kg5 Bc2 122. f4 Bd3 123. Nd1 Be4
124. Ne3 Kf7 125. f5 Bh1 126. Ng4 Be4 127. Ne5+ Kf8 128. f6 Bc2 129. f7 Ke7 130.
Kh6 Kf8 131. Kh5 Kg7 132. Kg5 Be4 133. Kf4 Bb1 134. Ke3 Bf5 1/2-1/2

[Event "Olimpiade 2014 - Open"]
[Site "Tromsø"]
[Date "14.08.2014"]
[Round "11.67"]
[Board "3"]
[White "Atwoli, Joseph"]
[Black "Kamis, Kamarunsalehin"]
[Result "0-1"]
[WhiteElo "2046"]
[BlackElo "1977"]
[WhiteTeam "Kenya"]
[BlackTeam "Brunei"]
[WhiteFideId "10800816"]
[BlackFideId "10500170"]
[EventDate "2014.08.02"]

1. e4 e5 2. Bc4 Nf6 3. d4 exd4 4. Nf3 d5 5. exd5 Bb4+ 6. c3 Qe7+ 7. Qe2 Qxe2+ 8.
Kxe2 dxc3 9. Nxc3 c6 10. dxc6 Nxc6 11. h3 Bxc3 12. bxc3 O-O 13. Rd1 Na5 14. Bb3
Ne4 15. Bb2 Nc5 16. Bd5 Re8+ 17. Kf1 Be6 18. Ba3 Rac8 19. Bxc5 Rxc5 20. Bxe6
fxe6 21. Rac1 Rec8 22. Rd3 b5 23. Nd4 Kf7 24. Nb3 Nxb3 25. axb3 a5 26. Ke2 Ke7
27. Kd2 Rd5 28. Ra1 Ra8 29. c4 bxc4 30. bxc4 Rc5 31. Ra4 Rb8 32. Kc2 e5 33. Rd5
Rxd5 34. cxd5 Rb5 35. f4 Rxd5 36. fxe5 Rxe5 37. Kc3 Kf6 38. Rf4+ Rf5 39. Ra4 Rf2
40. g4 Rf3+ 41. Kd2 Rxh3 42. Rxa5 Rg3 43. Ra4 Kg5 44. Ra7 Kh6 45. Ra4 g6 46. Ke2
Kg5 47. Ra7 h6 48. Kf2 Rxg4 49. Ra5+ Kh4 50. Ra1 h5 51. Rh1+ Kg5 52. Kf3 Rf4+
53. Kg3 h4+ 54. Kh3 Rf3+ 55. Kg2 Rb3 56. Rc1 Kh5 57. Kh2 g5 58. Rc2 h3 59. Rc8
Kh4 60. Rh8+ Kg4 61. Rc8 Rb2+ 62. Kg1 Kh4 0-1

[Event "Olimpiade 2014 - Open"]
[Site "Tromsø"]
[Date "14.08.2014"]
[Round "11.68"]
[Board "1"]
[White "Boydia, Sidi"]
[Black "Efimov, Igor"]
[Result "0-1"]
[WhiteTitle "FM"]
[BlackTitle "GM"]
[WhiteElo "2068"]
[BlackElo "2408"]
[WhiteTeam "Mauritania"]
[BlackTeam "Monaco"]
[WhiteFideId "19600100"]
[BlackFideId "806404"]
[EventDate "2014.08.02"]

1. e4 c5 2. Nf3 d6 3. g3 Nf6 4. d3 Nc6 5. Bg2 g6 6. O-O Bg7 7. c3 O-O 8. Re1 e5
9. Nbd2 Ne8 10. Nf1 h6 11. Ne3 Nc7 12. Nd5 Nxd5 13. exd5 Ne7 14. Nd2 Bd7 15. Nc4
Qc7 16. a4 Rae8 17. f4 Nc8 18. fxe5 dxe5 19. Be3 b6 20. Qd2 Kh7 21. b3 f5 22.
Rac1 Qd8 23. d4 cxd4 24. cxd4 e4 25. Bf4 Ne7 26. Nd6 Nxd5 27. Nxe8 Rxe8 28. Kh1
Qe7 29. Be3 h5 30. Bg5 e3 31. Bxe3 Nxe3 32. Rc3 Bh6 33. Rc7 Qd6 34. Rxa7 Nxg2
35. Rxe8 Bxd2 36. Rd8 Qc6 37. Rdxd7+ Kh6 38. d5 Qc2 39. Kxg2 Be3+ 40. Kh3 Bg1 0-1

[Event "Olimpiade 2014 - Open"]
[Site "Tromsø"]
[Date "14.08.2014"]
[Round "11.68"]
[Board "2"]
[White "Villegas, Pierre"]
[Black "Hemam, Moulaye Brahim"]
[Result "1-0"]
[WhiteTitle "FM"]
[BlackTitle "CM"]
[WhiteElo "2323"]
[BlackElo "2070"]
[WhiteTeam "Monaco"]
[BlackTeam "Mauritania"]
[WhiteFideId "654183"]
[BlackFideId "19600054"]
[EventDate "2014.08.02"]

1. d4 Nf6 2. c4 g6 3. Nc3 d5 4. cxd5 Nxd5 5. e4 Nxc3 6. bxc3 Bg7 7. Nf3 O-O 8.
Be2 c5 9. O-O cxd4 10. cxd4 Nc6 11. Be3 Bg4 12. d5 Na5 13. Rc1 b6 14. h3 Bxf3
15. Bxf3 Rc8 16. Qd3 Bb2 17. Rc2 Rxc2 18. Qxc2 Be5 19. Be2 Qd6 20. f4 Qa3 21.
Kf2 Bc3 22. Rc1 Rc8 23. Qd3 Rc7 24. e5 Nb7 25. Kf1 Qxa2 26. d6 exd6 27. exd6
Nxd6 28. Qxd6 Rc8 29. Qd7 Rc4 30. Qd8+ Kg7 31. Bxc4 Qxc4+ 32. Kg1 f6 33. Qe7+
Kh6 34. g4 1-0

[Event "Olimpiade 2014 - Open"]
[Site "Tromsø"]
[Date "14.08.2014"]
[Round "11.68"]
[Board "3"]
[White "Taleb Mohamed, Ahmed"]
[Black "Van Hoolandt, Patrick"]
[Result "0-1"]
[WhiteTitle "CM"]
[BlackTitle "FM"]
[WhiteElo "2024"]
[BlackElo "2236"]
[WhiteTeam "Mauritania"]
[BlackTeam "Monaco"]
[WhiteFideId "19600038"]
[BlackFideId "200999"]
[EventDate "2014.08.02"]

1. e4 e5 2. Nc3 Nc6 3. Bc4 Bc5 4. Nf3 Nf6 5. d3 d6 6. h3 a6 7. a4 Be6 8. Nd5
Bxd5 9. exd5 Ne7 10. Bg5 c6 11. dxc6 bxc6 12. Bb3 Ba7 13. Qe2 O-O 14. Nh4 Rb8
15. O-O Ng6 16. Nf5 Qd7 17. Nh6+ gxh6 18. Bxf6 Qf5 19. Qf3 Qxf3 20. gxf3 Rb4 21.
Bc4 d5 22. c3 Rxb2 23. Ba2 Re8 24. d4 exd4 25. Rfe1 Re6 26. Rxe6 fxe6 27. Bxd4
Bxd4 28. cxd4 Nh4 29. f4 Nf3+ 30. Kg2 Nxd4 31. Bb1 Nb3 0-1

[Event "Olimpiade 2014 - Open"]
[Site "Tromsø"]
[Date "14.08.2014"]
[Round "11.68"]
[Board "4"]
[White "Nelis, Jean-Francois"]
[Black "Sabar, Ethmane Daouda"]
[Result "1-0"]
[WhiteElo "2224"]
[BlackElo "2002"]
[WhiteTeam "Monaco"]
[BlackTeam "Mauritania"]
[WhiteFideId "623830"]
[BlackFideId "19600097"]
[EventDate "2014.08.02"]

1. b3 e5 2. Bb2 Nc6 3. e3 a6 4. c4 Nf6 5. d3 d5 6. cxd5 Nxd5 7. Nf3 Bb4+ 8. Nbd2
Bc3 9. Qc1 Bxb2 10. Qxb2 Qe7 11. Rc1 O-O 12. Be2 Rd8 13. a3 f6 14. O-O Be6 15.
Ne4 Bf7 16. Rfd1 h6 17. Nc5 b6 18. Nb7 Rdb8 19. Rxc6 Rxb7 20. d4 Be8 21. Rcc1 e4
22. Nd2 Bf7 23. g3 Rbb8 24. Bf1 Rd8 25. Bg2 f5 26. Nc4 Be8 27. Re1 b5 28. Nd2 b4
29. a4 Rab8 30. Rc5 Nc3 31. Bf1 Qf6 32. Nb1 Nd5 33. Bc4 Bf7 34. Qc2 g5 35. Bf1
Bg6 36. Qc4 Bf7 37. Qxa6 Rb6 38. Qe2 h5 39. Qc2 h4 40. a5 Rbd6 41. Nd2 hxg3 42.
fxg3 Kg7 43. Nc4 Re6 44. Ne5 Rxe5 45. dxe5 Qxe5 1-0

[Event "Olimpiade 2014 - Open"]
[Site "Tromsø"]
[Date "14.08.2014"]
[Round "11.70"]
[Board "1"]
[White "Mueller, Leonhard"]
[Black "Cilia Vincenti, David"]
[Result "1-0"]
[WhiteTitle "FM"]
[BlackTitle "CM"]
[WhiteElo "2183"]
[BlackElo "2154"]
[WhiteTeam "Namibia"]
[BlackTeam "Malta"]
[WhiteFideId "15200019"]
[BlackFideId "5600197"]
[EventDate "2014.08.02"]

1. c4 e6 2. Nf3 f5 3. g3 Nf6 4. Bg2 d5 5. O-O Bd6 6. Nc3 O-O 7. d3 dxc4 8. dxc4
Nc6 9. Nb5 e5 10. Nxd6 cxd6 11. b3 Qe7 12. Ba3 Rd8 13. e3 a5 14. Qc1 Nb4 15. Rd1
d5 16. cxd5 Nfxd5 17. Bb2 e4 18. Ne5 Be6 19. Bd4 Rac8 20. Qb2 Rc2 21. Qb1 Rdc8
22. a3 Na6 23. Nc4 R2xc4 24. bxc4 Rxc4 25. Bf1 Nc3 26. Qc2 1-0

[Event "Olimpiade 2014 - Open"]
[Site "Tromsø"]
[Date "14.08.2014"]
[Round "11.70"]
[Board "2"]
[White "Pace, Colin"]
[Black "Eichab, Charles"]
[Result "0-1"]
[WhiteTitle "CM"]
[BlackTitle "CM"]
[WhiteElo "2139"]
[BlackElo "2048"]
[WhiteTeam "Malta"]
[BlackTeam "Namibia"]
[WhiteFideId "5600189"]
[BlackFideId "15200051"]
[EventDate "2014.08.02"]

1. e4 e6 2. d4 d5 3. Nd2 dxe4 4. Nxe4 Bd7 5. Nf3 Bc6 6. Bd3 Nd7 7. O-O Ngf6 8.
Nxf6+ Qxf6 9. Be2 h6 10. c4 b6 11. Be3 Bd6 12. c5 Be7 13. cxb6 axb6 14. Rc1 Bd5
15. Rxc7 Bd8 16. Rc1 Rxa2 17. Ne5 Nxe5 18. dxe5 Qxe5 19. Bb5+ Ke7 20. Re1 Bc7
21. Bc5+ bxc5 22. Rxe5 Bxe5 23. Rxc5 Rxb2 24. Qc1 Rb8 25. Bf1 Bd6 26. Ra5 Rb1
27. Qc3 R8b7 28. Qc8 Rc7 29. Qa6 Bc4 0-1

[Event "Olimpiade 2014 - Open"]
[Site "Tromsø"]
[Date "14.08.2014"]
[Round "11.70"]
[Board "4"]
[White "Zerafa, Patrick"]
[Black "Handjaba, Mclean"]
[Result "1/2-1/2"]
[WhiteTitle "CM"]
[BlackTitle "CM"]
[WhiteElo "2079"]
[BlackElo "2139"]
[WhiteTeam "Malta"]
[BlackTeam "Namibia"]
[WhiteFideId "5600375"]
[BlackFideId "15200515"]
[EventDate "2014.08.02"]

1. Nf3 c5 2. c4 Nf6 3. g3 b6 4. Bg2 Bb7 5. Nc3 e6 6. O-O d5 7. cxd5 Nxd5 8. d3
Be7 9. Bd2 O-O 10. Rc1 Nc6 11. Ne4 h6 12. a3 Rc8 13. Qb3 Qd7 14. Rfd1 Nd4 15.
Nxd4 cxd4 16. Be1 Bc6 17. Rc4 f5 18. Nd2 Bc5 19. a4 Rfe8 20. Rdc1 Kh8 21. Nf3 e5
22. h4 Nf6 23. Nd2 e4 24. Qd1 Bd5 25. R4c2 Qxa4 26. Ra1 Qd7 27. Nc4 a5 28. b4
axb4 29. Rb1 exd3 30. exd3 Bxg2 31. Kxg2 Nd5 32. Qf3 Re7 33. Bd2 Rce8 34. Bf4
Nxf4+ 35. Qxf4 Qd5+ 36. Qf3 Qxf3+ 37. Kxf3 Re1 38. Rb3 Kg8 39. Ra2 Rc1 40. Nxb6
Bxb6 41. Rxb4 Bc5 42. Rb5 Rc3 43. Raa5 Rxd3+ 44. Kf4 Bd6+ 45. Kxf5 Rf3+ 46. Kg4
Rxf2 47. Rd5 Bb4 48. Ra7 Ref8 49. Rb7 Bc3 50. Rbd7 g6 51. h5 g5 52. Rc7 R2f6 53.
Re7 R8f7 54. Re8+ Kg7 55. Rc8 Re6 56. Rdd8 Re4+ 57. Kh3 g4+ 58. Kh4 Bb4 59. Rg8+
Kf6 60. Rg6+ Ke5 61. Rc5+ Bxc5 62. Re6+ Kd5 63. Rd6+ Kc4 64. Rxd4+ Kc3 65. Rxe4
Be7+ 66. Kxg4 Kd3 67. Re6 Bg5 68. Re8 Rg7 69. Kf3 Kd4 70. Re6 Kd5 71. Rg6 Rxg6
72. hxg6 Ke6 73. g7 Kf7 74. g8=Q+ Kxg8 75. g4 Kf7 76. Ke4 Kf6 77. Kf3 Ke5 78.
Kg2 1/2-1/2

[Event "Olimpiade 2014 - Open"]
[Site "Tromsø"]
[Date "14.08.2014"]
[Round "11.71"]
[Board "1"]
[White "Prasad, Calvin"]
[Black "Mooney, Graham"]
[Result "1/2-1/2"]
[WhiteTitle "CM"]
[WhiteElo "2011"]
[BlackElo "1880"]
[WhiteTeam "Fiji"]
[BlackTeam "Jersey"]
[WhiteFideId "11400072"]
[BlackFideId "15600106"]
[EventDate "2014.08.02"]

1. d4 d6 2. c4 e5 3. d5 Nf6 4. Nc3 Be7 5. g3 O-O 6. Bg2 a5 7. Nf3 Na6 8. O-O h6
9. a3 Bf5 10. Nd2 Qd7 11. e4 Bh3 12. Rb1 Bxg2 13. Kxg2 Nc5 14. b4 axb4 15. axb4
Nd3 16. Qe2 Nxc1 17. Rfxc1 Nh7 18. Nf3 f5 19. c5 fxe4 20. Nxe4 Ra3 21. Rc3 Rxc3
22. Nxc3 Qf5 23. Qe4 dxc5 24. Qxf5 Rxf5 25. bxc5 Bxc5 26. Ne4 b6 27. Nxc5 bxc5
28. g4 Rf8 29. Nxe5 Nf6 30. Rc1 Rd8 31. Nc6 Rd6 32. h3 Nxd5 33. Rxc5 Kh7 34. Ne5
Nf4+ 35. Kg3 Nd3 36. Nxd3 Rxd3+ 37. f3 Rd7 38. h4 Rf7 39. h5 Kg8 40. Kf2 Kf8 41.
Ke3 Ke8 42. Ke4 Kd7 43. Rc3 Kd6 44. Rd3+ Kc5 45. Rd8 Kc4 46. Rc8 c5 47. f4 Re7+
48. Kf5 Kd4 49. g5 Rf7+ 50. Kg6 Rxf4 51. Kxg7 hxg5 52. h6 c4 53. Rd8+ Ke3 54.
Re8+ Kd2 55. Rd8+ Ke3 1/2-1/2

[Event "Olimpiade 2014 - Open"]
[Site "Tromsø"]
[Date "14.08.2014"]
[Round "11.71"]
[Board "2"]
[White "Wojciechowski, Paul"]
[Black "Kumar, Manoj"]
[Result "1-0"]
[WhiteTitle "CM"]
[BlackTitle "CM"]
[WhiteElo "2056"]
[BlackElo "1987"]
[WhiteTeam "Jersey"]
[BlackTeam "Fiji"]
[WhiteFideId "15600017"]
[BlackFideId "11400064"]
[EventDate "2014.08.02"]

1. e4 e5 2. Nc3 Nf6 3. Bc4 Nc6 4. d3 Bc5 5. f4 d6 6. Nf3 a6 7. Rf1 O-O 8. f5 Na5
9. Bg5 c6 10. Bb3 Re8 11. Qe2 Nxb3 12. axb3 Bb4 13. Nd2 d5 14. Qf3 d4 15. Ne2 h6
16. Bh4 a5 17. c3 dxc3 18. bxc3 Be7 19. Bf2 b5 20. h3 c5 21. g4 Bb7 22. Bg3 Qd6
23. h4 Nd7 24. Kf2 Qb6 25. Kg2 f6 26. Rfd1 Qc6 27. Kh3 Nb6 28. d4 cxd4 29. cxd4
exd4 30. Nxd4 Qd7 31. Ne6 Bd8 32. Nc4 Qc6 33. Nd6 Rxe6 34. fxe6 Nc8 35. Nxb7
Qxb7 36. Rxd8+ 1-0

[Event "Olimpiade 2014 - Open"]
[Site "Tromsø"]
[Date "14.08.2014"]
[Round "11.71"]
[Board "3"]
[White "Goundar, Sanmogam"]
[Black "Belzo, Krzysztof"]
[Result "0-1"]
[WhiteTitle "CM"]
[WhiteElo "1952"]
[BlackElo "2034"]
[WhiteTeam "Fiji"]
[BlackTeam "Jersey"]
[WhiteFideId "11400110"]
[BlackFideId "1126768"]
[EventDate "2014.08.02"]

1. e4 c5 2. Nf3 Nc6 3. Bb5 Nd4 4. Bc4 e6 5. Nc3 a6 6. a4 Ne7 7. O-O Nec6 8. Nxd4
cxd4 9. Ne2 g6 10. d3 Bg7 11. f4 O-O 12. Qe1 d5 13. exd5 exd5 14. Bb3 Be6 15.
Qf2 Rc8 16. h3 h5 17. Bd2 Qf6 18. Qf3 Rfe8 19. Ng3 Ne7 20. Rae1 h4 21. Nh1 Nf5
22. Rf2 Ne3 23. Bc1 Qf5 24. Rfe2 Bh6 25. Bxe3 dxe3 26. Rxe3 Qxf4 27. Qxf4 Bxf4
28. R3e2 Red8 29. Rf1 Bh6 30. d4 b5 31. Nf2 bxa4 32. Bxa4 Rc4 33. Bb3 Rxd4 34.
Nd3 Bf5 35. Nc5 Rd6 36. Ra1 Rd2 37. Kf1 Rc6 38. Ra5 Rxe2 39. Kxe2 Bf8 40. Nxa6
Bxc2 41. Bxd5 Rb6 42. b4 Bxb4 43. Ra2 Bb1 44. Nxb4 Rxb4 45. Ra7 Rf4 46. Rb7 Bc2
47. Rc7 Ba4 48. Ke3 Rf5 49. Ba2 Bb5 50. Rb7 Bc6 51. Rb4 Bxg2 52. Rxh4 Rf3+ 53.
Ke2 Rxh3 54. Rf4 Rh7 55. Kf2 Bc6 56. Kg3 Bd7 57. Rf6 Kf8 58. Bxf7 Ke7 59. Rxg6
Kxf7 60. Rd6 Be6 61. Rb6 Kf6 62. Rb8 Ke5 63. Rb4 Rg7+ 64. Kf2 Bd5 65. Rh4 Be4
66. Rh8 Rg2+ 67. Ke3 Rg3+ 68. Kf2 Rc3 69. Re8+ Kf4 70. Rf8+ Bf5 71. Ke2 Rc2+ 72.
Kd1 Rh2 73. Kc1 Ke5 74. Re8+ Kd4 75. Rd8+ Kc3 76. Kd1 Bd3 77. Ke1 Re2+ 78. Kd1
Rf2 79. Rc8+ Bc4 80. Re8 Rf1+ 81. Re1 Rf5 82. Re3+ Bd3 83. Re7 Rf1+ 84. Re1 Rf2
85. Re7 Bc4 86. Re3+ Kd4 87. Re7 Bd3 88. Rd7+ Ke3 89. Re7+ Be4 90. Kc1 Rf1+ 91.
Kb2 Rb1+ 92. Ka2 Rb6 93. Rd7 Bd3 94. Rc7 Kd4 95. Rg7 Kc3 96. Rc7+ Bc4+ 97. Ka1
Ra6+ 98. Kb1 Rh6 0-1

[Event "Olimpiade 2014 - Open"]
[Site "Tromsø"]
[Date "14.08.2014"]
[Round "11.71"]
[Board "4"]
[White "Forbes, Garry"]
[Black "Sikivou, Taione"]
[Result "1/2-1/2"]
[WhiteElo "1917"]
[BlackElo "1817"]
[WhiteTeam "Jersey"]
[BlackTeam "Fiji"]
[WhiteFideId "10700331"]
[BlackFideId "11400153"]
[EventDate "2014.08.02"]

1. Nf3 d5 2. g3 Nf6 3. Bg2 c5 4. d3 Nc6 5. O-O e5 6. Bg5 Be7 7. Nfd2 h6 8. Bxf6
Bxf6 9. c4 d4 10. Na3 O-O 11. Nc2 Be6 12. a3 a5 13. Rb1 a4 14. b4 axb3 15. Rxb3
Qd7 16. Qb1 Ra7 17. Rb5 Be7 18. Ne4 Rc8 19. Nxc5 Bxc5 20. Rxc5 Bh3 21. Rb5 Bxg2
22. Kxg2 Re8 23. Qb2 h5 24. Rb1 Nd8 25. Rd5 Qg4 26. f3 Qc8 27. Qb5 Nc6 28. Qb6
Qa8 29. Rd7 Nd8 30. h4 Ra6 31. Qb4 Ra4 32. Qb3 Ra6 33. Rd5 Re7 34. Rb5 Ra7 35.
Ra1 Ra5 36. Qb4 Nc6 37. Rxa5 Qxa5 38. Qxa5 Nxa5 39. Rb1 f6 40. Nb4 Re8 41. Nc2
Ra8 42. Rb5 Ra7 43. Kf2 Kf7 44. Ke1 Ke6 45. Kd2 Nc6 46. Kc1 g5 47. Kb2 gxh4 48.
gxh4 Ne7 49. f4 Nf5 50. fxe5 fxe5 51. Rb6+ Kf7 52. Rb5 Kf6 53. Rb6+ Kf7 54. Rb5
Kf6 55. Rb6+ Kf7 56. Ne1 Ng3 57. Nf3 Nxe2 58. Nxe5+ Kg7 59. Nf3 Nf4 60. Kc2 Rxa3
61. Rxb7+ Kg6 62. Rb3 Rxb3 63. Kxb3 Nxd3 64. Nxd4 Kf6 65. Kc3 Nc5 66. Kb4 Ne4
67. c5 Ke5 68. Ne2 Nxc5 69. Kxc5 Kf5 70. Ng3+ Kg4 71. Nxh5 Kxh5 1/2-1/2

[Event "Olimpiade 2014 - Open"]
[Site "Tromsø"]
[Date "14.08.2014"]
[Round "11.72"]
[Board "1"]
[White "Alice, Mateus Felizardo Viageiro"]
[Black "Masrhi, Abdulrahman A"]
[Result "1-0"]
[WhiteTitle "FM"]
[WhiteElo "2121"]
[BlackElo "1746"]
[WhiteTeam "Mozambique"]
[BlackTeam "Saudi Arabia"]
[WhiteFideId "14800047"]
[BlackFideId "21501564"]
[EventDate "2014.08.02"]

1. e4 c5 2. Nf3 Nc6 3. d4 cxd4 4. Nxd4 d6 5. Nc3 a6 6. Be3 Nf6 7. f3 e5 8. Nb3
Be7 9. Qd2 O-O 10. g4 b5 11. g5 Nd7 12. h4 Nc5 13. O-O-O Nxb3+ 14. cxb3 b4 15.
Nd5 Re8 16. Bb6 Qd7 17. Nc7 Bb7 18. Bh3 1-0

[Event "Olimpiade 2014 - Open"]
[Site "Tromsø"]
[Date "14.08.2014"]
[Round "11.72"]
[Board "2"]
[White "Al Habeeb, Emad"]
[Black "Mucongoma, Miguel Jose Maconi"]
[Result "0-1"]
[BlackTitle "FM"]
[WhiteElo "2044"]
[BlackElo "2194"]
[WhiteTeam "Saudi Arabia"]
[BlackTeam "Mozambique"]
[WhiteFideId "21500029"]
[BlackFideId "14800080"]
[EventDate "2014.08.02"]

1. d4 Nf6 2. c4 e6 3. Nc3 b6 4. e4 Bb7 5. Bd3 d5 6. cxd5 exd5 7. e5 Ne4 8. Nge2
Nxc3 9. bxc3 Be7 10. Qc2 h6 11. O-O O-O 12. f4 c5 13. Qd1 Nc6 14. Be3 f5 15. Ng3
g6 16. Nxf5 Rxf5 17. Bxf5 gxf5 18. Qh5 Qf8 19. Rf3 Nd8 20. Rg3+ Kh7 21. Rf1 Qf7
22. Qe2 Ne6 23. Rh3 a5 24. Rff3 Rg8 25. Qb2 cxd4 26. cxd4 Bd8 27. Qb1 Ba6 28.
Rfg3 Rxg3 29. Rxg3 Bc4 30. a4 Ng7 31. Bc1 Qd7 32. Ba3 Qf7 33. Rf3 Ne6 34. Bb2
Be2 35. Rf2 Bh5 36. Qc2 Ng7 37. Qc8 Qe8 38. g3 Bd1 39. Qb7 Bb3 40. Qa8 Be7 41.
Qb7 Bc4 42. Qxb6 Qxa4 43. Qa7 Bb4 44. h4 Qd1+ 45. Kh2 Be1 46. Rg2 Bf1 47. Qb7
Bxg2 48. Kxg2 Qe2+ 49. Kg1 Bxg3 0-1

[Event "Olimpiade 2014 - Open"]
[Site "Tromsø"]
[Date "14.08.2014"]
[Round "11.73"]
[Board "1"]
[White "Klaas, Tokelo"]
[Black "Asefi, Zaheeruddeen"]
[Result "0-1"]
[BlackTitle "FM"]
[WhiteElo "1653"]
[BlackElo "1996"]
[WhiteTeam "Lesotho"]
[BlackTeam "Afghanistan"]
[WhiteFideId "21300020"]
[BlackFideId "11700025"]
[EventDate "2014.08.02"]

1. d4 Nf6 2. c4 e6 3. Nf3 d5 4. e3 c5 5. cxd5 exd5 6. Be2 Nc6 7. O-O Bf5 8. a3
Rc8 9. dxc5 Bxc5 10. b4 Bd6 11. Bb2 O-O 12. Nc3 Re8 13. Rc1 Bb8 14. Nb5 Ne4 15.
Nbd4 Bg6 16. Qa4 Qd6 17. Rfd1 Ng5 18. g3 Ne4 19. Bb5 Bh5 20. Be2 Bg4 21. Qb3 Qh6
22. Nxc6 bxc6 23. Bd4 Qh5 24. Kg2 Qh3+ 25. Kg1 Re6 26. Qb2 Rg6 27. a4 Qh5 28.
Kg2 Bh3+ 29. Kg1 Qf5 0-1

[Event "Olimpiade 2014 - Open"]
[Site "Tromsø"]
[Date "14.08.2014"]
[Round "11.73"]
[Board "2"]
[White "Kooshani, Mahbuboollah"]
[Black "Mohatlane, Liteboho"]
[Result "1/2-1/2"]
[WhiteTitle "FM"]
[WhiteElo "2036"]
[BlackElo "1577"]
[WhiteTeam "Afghanistan"]
[BlackTeam "Lesotho"]
[WhiteFideId "11700084"]
[BlackFideId "14317265"]
[EventDate "2014.08.02"]

1. e4 e5 2. Nf3 Nc6 3. Bc4 Bc5 4. b4 Bxb4 5. c3 Bc5 6. d4 exd4 7. Ng5 Nh6 8.
Bxf7+ Nxf7 9. Nxf7 Kxf7 10. Qh5+ g6 11. Qxc5 d6 12. Qb5 Re8 13. O-O a6 14. Qd3
Qh4 15. f4 Kg8 16. cxd4 d5 17. Nd2 Be6 18. Nf3 dxe4 19. Qxe4 Qf6 20. Ne5 Rad8
21. Bb2 Bd5 22. Qc2 Qf5 23. Qd2 Rd6 24. Rae1 h5 25. a3 Ne7 26. h3 Qf6 27. Qf2 b5
28. Rc1 c6 29. g4 hxg4 30. hxg4 Kg7 31. Qg3 Rh8 32. Nf3 Rdd8 33. Rf2 Rh7 34.
Rcc2 Rdh8 35. Rh2 Rxh2 36. Rxh2 Rxh2 37. Kxh2 Bxf3 38. Qxf3 Qh4+ 39. Kg2 Nd5 40.
Bc1 Qf6 41. Qe4 Kf7 42. Kg3 a5 43. g5 Qd6 44. Qe5 Qxe5 45. fxe5 Ke6 46. Kg4 b4
47. axb4 axb4 48. Kf3 Kf5 49. Ke2 Ke4 50. Bb2 Nf4+ 51. Kd2 Ne6 52. Kc2 Kd5 53.
Kb3 c5 54. dxc5 Nxc5+ 55. Kc2 b3+ 56. Kd2 Na4 57. Ba3 Kxe5 58. Be7 Kf5 59. Bd8
Ke4 60. Bf6 Kf5 61. Bd8 Nc5 62. Kc3 Ne4+ 63. Kxb3 Nxg5 64. Kc2 1/2-1/2

[Event "Olimpiade 2014 - Open"]
[Site "Tromsø"]
[Date "14.08.2014"]
[Round "11.73"]
[Board "3"]
[White "Latela, Kananelo"]
[Black "Ahmadi, Zabiullah"]
[Result "0-1"]
[WhiteElo "1479"]
[BlackElo "2031"]
[WhiteTeam "Lesotho"]
[BlackTeam "Afghanistan"]
[WhiteFideId "14317206"]
[BlackFideId "11700033"]
[EventDate "2014.08.02"]

1. e4 d5 2. exd5 Qxd5 3. Nc3 Qa5 4. d4 Nf6 5. Nf3 Bg4 6. h3 Bh5 7. Bd2 Nc6 8. g4
Bg6 9. Bb5 O-O-O 10. Bxc6 bxc6 11. Ne5 Qa6 12. Qf3 Rxd4 13. Qxc6 Qxc6 14. Nxc6
Rd7 15. O-O-O Kb7 16. Ne5 Rd8 17. f4 e6 18. Nxg6 hxg6 19. Be3 Rxd1+ 20. Kxd1
Nxg4 21. Ke2 Nf6 22. Nb5 a6 23. Nd4 Nd5 24. c4 Nxe3 25. Kxe3 Bc5 26. Ke4 Bxd4
27. Kxd4 Kc6 28. Rh2 Rd8+ 29. Kc3 Rh8 30. Kd4 Kd6 31. b4 Rh5 32. Ke4 Rh4 33. Kf3
e5 34. Rd2+ Ke6 35. fxe5 Rxc4 36. Rd3 Kxe5 37. a3 g5 38. Re3+ Kf5 39. Re7 Kf6
40. Re3 g6 41. Kg3 c5 42. bxc5 Rxc5 43. Rf3+ Rf5 44. Rb3 Ra5 45. Rf3+ Kg7 46.
Kg2 Ra4 47. Kg3 f5 48. Rb3 Kh6 49. Rc3 g4 50. hxg4 Rxg4+ 51. Kf3 a5 52. Rc5 a4 0-1